000 01171nam a2200301Ia 4500
001 ebr10141763
003 CaPaEBR
006 m u
007 cr cn|||||||||
008 990305s1997 quc s 000 0 eng d
010 _z 99181023
020 _z0773516484 (cloth : acid-free paper)
020 _z0773516794 (paper : acid-free paper)
040 _aCaPaEBR
_cCaPaEBR
035 _a(OCoLC)181843751
050 1 4 _aPR9199.3.S569
_bR36 1997eb
082 0 4 _a801/.95
_221
100 1 _aSolway, David.
245 1 0 _aRandom walks
_h[electronic resource] :
_bessays in elective criticism /
_cDavid Solway.
260 _aMontreal ;
_aBuffalo :
_bMcGill-Queen's University Press,
_cc1997.
300 _axxi, 224 p.
533 _aElectronic reproduction.
_bPalo Alto, Calif. :
_cebrary,
_d2009.
_nAvailable via World Wide Web.
_nAccess may be limited to ebrary affiliated libraries.
650 0 _aCriticism.
650 0 _aLiterature
_xHistory and criticism.
655 7 _aElectronic books.
_2local
710 2 _aebrary, Inc.
856 4 0 _uhttp://site.ebrary.com/lib/rucke/Doc?id=10141763
_zAn electronic book accessible through the World Wide Web; click to view
999 _c90007
_d90007